LEADER 03867nam 2200601Ia 450 001 996197278303316 005 20230607222315.0 010 $a1-281-45030-8 010 $a9786611450304 010 $a0-470-38509-X 010 $a0-470-38487-5 035 $a(CKB)1000000000687205 035 $a(EBL)353509 035 $a(OCoLC)437219634 035 $a(SSID)ssj0000267125 035 $a(PQKBManifestationID)11193745 035 $a(PQKBTitleCode)TC0000267125 035 $a(PQKBWorkID)10305067 035 $a(PQKB)10277915 035 $a(MiAaPQ)EBC353509 035 $a(EXLCZ)991000000000687205 100 $a20020528d2001 uy 0 101 0 $aeng 135 $aur|n|---||||| 181 $ctxt 182 $cc 183 $acr 200 00$aVerocytotoxigenic E. coli$b[electronic resource] /$fedited by Geraldine Duffy, Patricia Garvey, David A. McDowell 210 $aTrumbull, Conn. $cFood & Nutrition Press$dc2001 215 $a1 online resource (472 p.) 300 $aDescription based upon print version of record. 311 $a0-917678-52-4 320 $aIncludes bibliographical references and index. 327 $aVerocytotoxigenic E. coli; CONTENTS; 1. EMERGENCE OF VEROCYTOTOXIGENIC E. COLI; 2. DETECTION OF VEROCYTOTOXIN-PRODUCING ESCHERICHIA COLI 0157 ON THE FARM AND AT THE ABATTOIR; 3. CLINICAL DETECTION OF VEROCYTOTOXIN-PRODUCING E. COLI (VTEC); 4. PRACTICAL CONSIDERATIONS AND DIFFICULTIES ASSOCIATED WITH THE DETECTION OF VEROCYTOTOXINPRODUCING ESCHERICHIA COLI (VTEC) IN FOODS; 5 . GENERAL RECOVERY, CHARACTERISATION AND TYPING PROTOCOLS FOR VTEC; 6 . EPIDEMIOLOGY OF VEROCYTOTOXIGENIC ESCHERICHIA COLI (VTEC) IN RUMINANTS; 7. EPIDEMIOLOGY OF VTEC IN NON-RUMINANT ANIMALS 327 $a8. EPIDEMIOLOGY OF HUMAN INFECTIONS BY ESCHERICHIA CULl0157 AND OTHER VEROCYTOTOXIN-PRODUCING E. COLI9. FOODS AS VEHICLES OF VTEC INFECTION; 10. A CASE STUDY OF CHEESE ASSOCIATED E. COLI 0157 OUTBREAKS IN SCOTLAND; 11 . PATHOGENIC ASPECTS OF VTEC INFECTIONS IN RUMINANTS; 12. PATHOGENIC ASPECTS OF VTEC INFECTION IN NONRUMINANT ANIMALS; 13. PATHOGENIC ASPECTS OF STEC INFECTIONS IN HUMANS; 14. HEALTHY ANIMALS AS CARRIERS OF STEC; 15. SURVIVAL AND GROWTH OF VTEC IN THE ENVIRONMENT; 16. SURVIVAL AND GROWTH OF VEROCYTOTOXIGENIC E. COLI IN FOODS 327 $a17. PREDICTING THE FATE OF VEROCYTOTOXIGENIC ESCHERICHIA COLI IN FOODS18. RISK ASSESSMENT IN THE CONTROL OF VTEC; 19. FARM MANAGEMENT PRACTICES: A SWEDISH CASE STUDY; 20. CONTROL OF VTEC IN THE MEAT INDUSTRY; 21. CONTROL OF VTEC IN NON-MEAT FOOD PRODUCTS; 22. CLINICAL MANAGEMENT OF E. COLZ 0157 INFECTION; 23. VEROCYTOTOXIGENIC E. COLI: SAFE LABORATORY PRACTICES; 24. VEROCYTOTOXIGENIC E. COLZ - LEGAL ASPECTS; APPENDIX; INDEX 330 $aVerocytotxin producing Escherichia coli (VTEC), and in particular, strains of serogroup o157, have emerged as significant pathogens causing a range of severe and potentially fatal illnesses. The European Union has recognised the threat posed by E. coli O157:H7 and the need to devise control strategies based on an understanding of VTEC pathogenicity, transmission, survival and growth. It also acknowledges the imortance of informing farmers, veterinarians, food producers and health authorities so that each of these groups can act appropriately to reduce the overall hazards posed by these 606 $aEscherichia coli infections 606 $aEscherichia coli O157:H7 615 0$aEscherichia coli infections. 615 0$aEscherichia coli O157:H7. 676 $a616.9 676 $a616.926 701 $aDuffy$b Geraldine$0896369 701 $aGarvey$b Patricia$0896370 701 $aMcDowell$b David A$0896371 801 0$bMiAaPQ 801 1$bMiAaPQ 801 2$bMiAaPQ 906 $aBOOK 912 $a996197278303316 996 $aVerocytotoxigenic E. coli$92002555 997 $aUNISA LEADER 05317nam 2200613Ia 450 001 9910782034103321 005 20230721032424.0 010 $a1-59327-222-7 035 $a(CKB)1000000000523896 035 $a(EBL)1137527 035 $a(OCoLC)830164461 035 $a(SSID)ssj0000073874 035 $a(PQKBManifestationID)11116068 035 $a(PQKBTitleCode)TC0000073874 035 $a(PQKBWorkID)10118772 035 $a(PQKB)10593459 035 $a(MiAaPQ)EBC1137527 035 $a(Au-PeEL)EBL1137527 035 $a(CaPaEBR)ebr10251761 035 $a(EXLCZ)991000000000523896 100 $a20070105d2008 uy 0 101 0 $aeng 135 $aur|n|---||||| 181 $ctxt 182 $cc 183 $acr 200 10$aBuilding a server with FreeBSD 7$b[electronic resource] $ea modular approach /$fBryan J. Hong 210 $aSan Francisco $cNo Starch Press$dc2008 215 $a1 online resource (292 p.) 300 $aDescription based upon print version of record. 311 $a1-59327-145-X 320 $aIncludes bibliographical references and index. 327 $aAcknowledgments; Preface; This Book's Roots; How to Use This Book; Format; Where to Start; Becoming the Superuser; Easy Editor; Part I: The Base System; FreeBSD 7.0; Summary; License; The Ports Collection; FreeBSD's Roots, Briefly; Resources; Required; Optional; Preparation; Install; Configure; Logging In; Default Search Path; Limiting SSH Access; Shutting Down; Rebooting; Configuring a Static IP; A. FreeBSD Server Behind a NAT Router; B. FreeBSD Server Connected Directly to the Internet; Dynamic DNS; hosts and resolv.conf; hosts; resolv.conf; Config Files; Notes; FreeBSD Ports Collection 327 $aSummaryResources; Required; Preparation; Install; Configure; portmaster; portaudit; Utilities; pkg_info; pkg_delete; Config Files; Notes; Part II: Third-Party Applications; Apache HTTP Server 2.2.8; Summary; Resources; Required; Optional; Preparation; Install; Configure; Testing; Utilities; apache22; Config Files; Log Files; Notes; Courier-authlib 0.60.2; Summary; Resources; Required; Preparation; Install; Configure; Testing; Config Files; Log Files; Courier-IMAP Server 4.3.0; Summary; Resources; Required; Optional; Preparation; Install; Configure; Testing; IMAP; POP3; Utilities; maildirmake 327 $aConfig FilesLog Files; Notes; CUPS Print Server 1.3.3; Summary; Resources; Required; Optional; Preparation; Install; Configure; Testing; Gutenprint Driver; HPLIP Driver; Finishing Printer Setup; Administration; Config Files; Log Files; Notes; Printer Types; Printing Restrictions; SSL Certificates; lptcontrol; Cyrus SASL 2.1.22; Summary; Resources; Required; Preparation; Install; Configure; Testing; Config Files; ddclient 3.7.3; Summary; Resources; Required; Preparation; Install; Configure; Testing; Config Files; Log Files; Notes; Drupal 5.5; Summary; Resources; Required; Preparation; Install 327 $aConfigureConfig Files; Notes; ISC BIND DNS Server 9.4.2; Summary; Resources; Required; Optional; Preparation; Install; Configure; Testing; Utilities; rndc; Config Files; Log Files; Notes; ISC DHCP Server 3.0.5; Summary; Resources; Required; Optional; Preparation; Install; Configure; Static IP Assignments; Dynamic DNS Updates; Testing; Config Files; Log Files; Lynx 2.8.6; Summary; Resources; Required; Preparation; Install; Configure; Microsoft Windows XP; Macintosh OS X; Utilities; lynx; Config Files; MediaWiki 1.11.1; Summary; Resources; Required; Preparation; Install; Configure 327 $aAdministrationConfig Files; Notes; MySQL Server 5.0.51; Summary; Resources; Required; Preparation; Install; Configure; Disabling MySQL TCP Networking; Testing; Basics; Show Databases; Create a Database; Add a User to a Database; Remove a User from a Database; Remove a User from MySQL; Delete a Database; Show User Privileges; Back Up All Databases; Back Up a Single Database; Restore a Database; Config Files; Log Files; Notes; NTP Server 4.2.2; Summary; Resources; Required; Optional; Preparation; Install; Configure; Testing; Config Files; Log Files; Notes; OpenLDAP Server 2.3.38; Summary 327 $aResources 330 $aThe most difficult aspect of building a server to act as a file server, Web server, or mail server is the initial software installation and configuration. Getting your hands on the software is one thing; getting it all to function is another thing entirely. For many people, the only option is to hire an expensive consultant. Building a Server with FreeBSD 7 tackles the problem systematically, so readers can accomplish the task themselves efficiently and affordably using the freely licensed FreeBSD operating system. Instructions are very clear and straightforward, so the reader need only read a 606 $aClient/server computing 606 $aFree computer software 606 $aOperating systems (Computers) 615 0$aClient/server computing. 615 0$aFree computer software. 615 0$aOperating systems (Computers) 676 $a005.4/3 700 $aHong$b Bryan J$g(Bryan Johnathan)$01572844 801 0$bMiAaPQ 801 1$bMiAaPQ 801 2$bMiAaPQ 906 $aBOOK 912 $a9910782034103321 996 $aBuilding a server with FreeBSD 7$93848156 997 $aUNINA